[Event "HUN-chT2 Toth 1819"]
[Site "Hungary"]
[Date "2019.03.31"]
[Round "10.5"]
[White "Gosztolya, Ferenc"]
[Black "Illes, David Mark"]
[Result "1-0"]
[WhiteElo "1917"]
[BlackElo "1923"]
[PlyCount "79"]
[EventDate "2018.09.23"]
[EventType "team-tourn"]
[EventRounds "11"]
[EventCountry "HUN"]
[SourceTitle "EXT 2021"]
[Source "ChessBase"]
[SourceDate "2020.10.23"]
[SourceVersion "1"]
[SourceVersionDate "2020.10.23"]
[SourceQuality "1"]
[WhiteTeam "Bekes"]
[BlackTeam "Karcag"]
[WhiteTeamCountry "HUN"]
[BlackTeamCountry "HUN"]

1. c4 e5 2. Nc3 d6 3. g3 g6 4. Bg2 Bg7 5. d3 Nf6 6. Nf3 c6 7. 0-0 0-0 8. Rb1 Nbd7 9. b4 Re8 10. Qc2 Nf8 11. b5 Bd7 12. bxc6 Bxc6 13. e4 Ne6 14. h3 Rc8 15. Be3 Nc5 16. Qd2 b6 17. Nh2 Qe7 18. f4 Nh5 19. Rf3 f5 20. Bxc5 bxc5 21. Re1 exf4 22. gxf4 Qf6 23. Nd5 Bxd5 24. exd5 Qd4+ 25. Kf1 Rxe1+ 26. Qxe1 Nxf4 27. Re3 Be5 28. Nf3 Nxd3 29. Nxd4 Nxe1 30. Nc6 Nxg2 31. Rb3 Rc7 32. Kxg2 g5 33. a4 Bf4 34. a5 Bd2 35. Rb8+ Kg7 36. a6 Kf6 37. Rb7 Rg7 38. Rxg7 Kxg7 39. Nxa7 Ba5 40. Nc8 1-0

[Event "HUN-chT2 Toth 1819"]
[Site "Hungary"]
[Date "2018.10.28"]
[Round "3.5"]
[White "Gosztolya, Ferenc"]
[Black "Nagy, Jozsef"]
[Result "1/2-1/2"]
[WhiteElo "1917"]
[BlackElo "1922"]
[PlyCount "44"]
[EventDate "2018.09.23"]
[EventType "team-tourn"]
[EventRounds "11"]
[EventCountry "HUN"]
[SourceTitle "EXT 2021"]
[Source "ChessBase"]
[SourceDate "2020.10.23"]
[SourceVersion "1"]
[SourceVersionDate "2020.10.23"]
[SourceQuality "1"]
[WhiteTeam "Bekes"]
[BlackTeam "Felegyhaza Csongrad"]
[WhiteTeamCountry "HUN"]
[BlackTeamCountry "HUN"]

1. c4 Nf6 2. Nc3 d5 3. cxd5 Nxd5 4. g3 e6 5. Bg2 Be7 6. d3 0-0 7. Bd2 Bf6 8. Qc1 c6 9. a3 a5 10. Rb1 Na6 11. Ne4 Be7 12. h4 h5 13. Bf3 g6 14. Bh6 Re8 15. Bg5 Bxg5 16. hxg5 e5 17. e3 Bf5 18. Qd1 Bxe4 19. dxe4 Ndc7 20. Nh3 Qxd1+ 21. Rxd1 Rad8 22. Ke2 Ne6 1/2-1/2

[Event "HUN-chT2 Toth 1718"]
[Site "Hungary"]
[Date "2018.02.18"]
[Round "8.6"]
[White "Gosztolya, Ferenc"]
[Black "Farkas, Sandor1111"]
[Result "1-0"]
[WhiteElo "1967"]
[BlackElo "1889"]
[PlyCount "75"]
[EventDate "2017.09.24"]
[EventType "team-tourn"]
[EventRounds "11"]
[EventCountry "HUN"]
[SourceTitle "EXT 2021"]
[Source "ChessBase"]
[SourceDate "2020.10.23"]
[SourceVersion "1"]
[SourceVersionDate "2020.10.23"]
[SourceQuality "1"]
[WhiteTeam "Bekes"]
[BlackTeam "Szeged Meritum"]
[WhiteTeamCountry "HUN"]
[BlackTeamCountry "HUN"]

1. c4 b6 2. Nc3 Bb7 3. e4 e5 4. g3 g6 5. Bg2 Bg7 6. Nge2 c5 7. 0-0 Ne7 8. f4 f5 9. d3 0-0 10. Nd5 Nxd5 11. exd5 d6 12. fxe5 dxe5 13. Rb1 Nd7 14. Bd2 h5 15. Qc1 Rb8 16. Kh1 Nf6 17. b4 Nd7 18. a3 Bf6 19. h4 Qe7 20. Ng1 f4 21. gxf4 Bxh4 22. Rf3 Rf7 23. Rh3 Rbf8 24. bxc5 Nxc5 25. fxe5 Qxe5 26. Bh6 Re8 27. Re3 Qb8 28. d4 Ne6 29. Qc2 Nf4 30. Rxe8+ Qxe8 31. Nf3 Bd8 32. Re1 Qd7 33. Bxf4 Rxf4 34. Qxg6+ Qg7 35. Re8+ Rf8 36. Qe6+ Kh8 37. Ne5 Rg8 38. Nf7+ 1-0

[Event "HUN-chT2 Toth 1617"]
[Site "Hungary"]
[Date "2017.02.26"]
[Round "9.6"]
[White "Farkas, Sandor1111"]
[Black "Gosztolya, Ferenc"]
[Result "1-0"]
[WhiteElo "1849"]
[BlackElo "1958"]
[PlyCount "57"]
[EventDate "2016.09.25"]
[EventType "team-tourn"]
[EventRounds "11"]
[EventCountry "HUN"]
[SourceTitle "EXT 2021"]
[Source "ChessBase"]
[SourceDate "2020.10.23"]
[SourceVersion "1"]
[SourceVersionDate "2020.10.23"]
[SourceQuality "1"]
[WhiteTeam "Szeged Meritum"]
[BlackTeam "Bekes"]
[WhiteTeamCountry "HUN"]
[BlackTeamCountry "HUN"]

1. e4 c5 2. Nf3 Nc6 3. d3 g6 4. g3 Bg7 5. Bg2 e6 6. 0-0 Nge7 7. Re1 0-0 8. c3 d5 9. e5 d4 10. c4 h6 11. h4 a6 12. Bf4 Rb8 13. Nbd2 Qc7 14. Qc1 Kh7 15. Nf1 Bd7 16. N1h2 Ng8 17. Ng4 Nce7 18. Nd2 h5 19. Nf6+ Kh8 20. Qd1 Bc6 21. Nde4 Bxe4 22. Bxe4 Nc6 23. Bxc6 Qxc6 24. Nxh5 b5 25. Nxg7 bxc4 26. Nh5 gxh5 27. Qxh5+ Kg7 28. Bg5 Rfc8 29. Bf6+ 1-0

[Event "HUN-chT2 Toth 1617"]
[Site "Hungary"]
[Date "2017.01.29"]
[Round "7.6"]
[White "Tornyai, Jeno"]
[Black "Gosztolya, Ferenc"]
[Result "0-1"]
[WhiteElo "1863"]
[BlackElo "1958"]
[PlyCount "104"]
[EventDate "2016.09.25"]
[EventType "team-tourn"]
[EventRounds "11"]
[EventCountry "HUN"]
[SourceTitle "EXT 2021"]
[Source "ChessBase"]
[SourceDate "2020.10.23"]
[SourceVersion "1"]
[SourceVersionDate "2020.10.23"]
[SourceQuality "1"]
[WhiteTeam "Szeged Maroczy II"]
[BlackTeam "Bekes"]
[WhiteTeamCountry "HUN"]
[BlackTeamCountry "HUN"]

1. d4 Nf6 2. Nc3 g6 3. e4 d6 4. f3 Bg7 5. Be3 0-0 6. Qd2 a6 7. Bh6 c5 8. Nge2 cxd4 9. Nxd4 Nc6 10. Bxg7 Kxg7 11. 0-0-0 Qb6 12. Nb3 Be6 13. Nd5 Bxd5 14. exd5 Nb4 15. a3 Nbxd5 16. Bc4 Ne3 17. Bd3 Nxd1 18. Rxd1 Rac8 19. Kb1 Nd7 20. f4 Nc5 21. Qe3 Qc7 22. Nxc5 dxc5 23. f5 Rfd8 24. fxg6 hxg6 25. Re1 c4 26. Be4 b5 27. Qc3+ e5 28. h4 Rh8 29. Bd5 Rhe8 30. Rf1 Re7 31. Qf3 Qb6 32. h5 gxh5 33. Qf5 Rcc7 34. Qxh5 Qg6 35. Qf3 e4 36. Qc3+ f6 37. Qh3 Rc5 38. Rh1 Rxd5 39. Qh8+ Kf7 40. Rh7+ Ke6 41. Qc8+ Rdd7 42. Qc6+ Rd6 43. Qc8+ Red7 44. Rxd7 Rxd7 45. Qxa6+ Kf7 46. Qxb5 Qg4 47. Qxc4+ Qe6 48. Qe2 Qd5 49. Qf2 Qe6 50. b3 e3 51. Qe2 Rd2 52. Qh5+ Kg7 0-1

[Event "HUN-chT2 Toth 1617"]
[Site "Hungary"]
[Date "2016.10.30"]
[Round "3.6"]
[White "Puha, Peter"]
[Black "Gosztolya, Ferenc"]
[Result "1-0"]
[WhiteElo "1976"]
[BlackElo "1958"]
[PlyCount "81"]
[EventDate "2016.09.25"]
[EventType "team-tourn"]
[EventRounds "11"]
[EventCountry "HUN"]
[SourceTitle "EXT 2021"]
[Source "ChessBase"]
[SourceDate "2020.10.23"]
[SourceVersion "1"]
[SourceVersionDate "2020.10.23"]
[SourceQuality "1"]
[WhiteTeam "Karcag"]
[BlackTeam "Bekes"]
[WhiteTeamCountry "HUN"]
[BlackTeamCountry "HUN"]

1. e4 c5 2. Nf3 Nc6 3. d4 cxd4 4. Nxd4 Nf6 5. Nc3 g6 6. Be3 Bg7 7. Bc4 0-0 8. f3 Qb6 9. 0-0 Qxb2 10. Qd2 Qb4 11. Nxc6 dxc6 12. Qd4 e6 13. e5 Nd7 14. f4 Nb6 15. Bd3 Qe7 16. Ne4 Nd5 17. Qc5 Qc7 18. Bd4 Rd8 19. Rab1 b6 20. Qc4 a5 21. Qb3 c5 22. Ba1 a4 23. Qb2 c4 24. Be2 Ba6 25. Qa3 Bf8 26. Qh3 Bc5+ 27. Kh1 Kg7 28. Rf3 h6 29. Rbf1 Bf8 30. Rg3 Kh7 31. Ng5+ Kg7 32. Ne4 Ne7 33. Bg4 Ng8 34. f5 exf5 35. Bxf5 Bc8 36. e6+ f6 37. Rxg6+ Kh8 38. Nxf6 Bg7 39. Nxg8 Bxa1 40. e7 Qf4 41. Rxh6+ 1-0

[Event "HUN-chT2 Toth 1617"]
[Site "Hungary"]
[Date "2016.10.09"]
[Round "2.6"]
[White "Gosztolya, Ferenc"]
[Black "Dudics, Zoltan Alex"]
[Result "1-0"]
[WhiteElo "1958"]
[BlackElo "1765"]
[PlyCount "49"]
[EventDate "2016.09.25"]
[EventType "team-tourn"]
[EventRounds "11"]
[EventCountry "HUN"]
[SourceTitle "EXT 2021"]
[Source "ChessBase"]
[SourceDate "2020.10.23"]
[SourceVersion "1"]
[SourceVersionDate "2020.10.23"]
[SourceQuality "1"]
[WhiteTeam "Bekes"]
[BlackTeam "Nadudvar"]
[WhiteTeamCountry "HUN"]
[BlackTeamCountry "HUN"]

1. c4 e5 2. Nc3 f5 3. g3 Nf6 4. Bg2 Bc5 5. Nf3 d6 6. d4 exd4 7. Nxd4 0-0 8. 0-0 c6 9. Na4 Bxd4 10. Qxd4 Be6 11. Nc3 Qc7 12. Bf4 Qf7 13. Bxd6 Rd8 14. c5 Ne8 15. Rfd1 Na6 16. Qf4 Rd7 17. Rd2 Rad8 18. Rad1 h6 19. h4 g6 20. Qxh6 Nxd6 21. cxd6 Nb4 22. b3 Qf6 23. Na4 Nxa2 24. Nc5 Rh7 25. Qe3 1-0

[Event "HUN-chT2 Toth 1516"]
[Site "Hungary"]
[Date "2016.02.28"]
[Round "8.6"]
[White "Egyed, Zsolt"]
[Black "Gosztolya, Ferenc"]
[Result "1-0"]
[WhiteElo "2090"]
[BlackElo "1955"]
[PlyCount "57"]
[EventDate "2015.09.13"]
[EventType "team-tourn"]
[EventRounds "11"]
[EventCountry "HUN"]
[SourceTitle "EXT 2017"]
[Source "ChessBase"]
[SourceDate "2016.10.25"]
[SourceVersion "1"]
[SourceVersionDate "2016.10.25"]
[SourceQuality "1"]
[WhiteTeam "Karcag"]
[BlackTeam "Bekes"]
[WhiteTeamCountry "HUN"]
[BlackTeamCountry "HUN"]

1. e4 c5 2. Nf3 Nc6 3. d4 cxd4 4. Nxd4 g6 5. Nxc6 bxc6 6. Bc4 Bg7 7. 0-0 Qc7 8. c3 e6 9. f4 Nf6 10. e5 Nd5 11. Qe2 a5 12. Nd2 0-0 13. Nf3 a4 14. Kh1 a3 15. Re1 axb2 16. Qxb2 Ba6 17. Bxa6 Rxa6 18. c4 Rb8 19. Qe2 Nb4 20. a3 c5 21. Be3 Rba8 22. Bc1 Nc6 23. Qd3 Na5 24. Rd1 Nb7 25. Qxd7 Qb6 26. Ng5 Nd8 27. Be3 Qb3 28. Qe8+ Bf8 29. Rxd8 1-0

[Event "HUN-chT2 Toth 1516"]
[Site "Hungary"]
[Date "2015.09.26"]
[Round "2.9"]
[White "Szalaji, Renata"]
[Black "Gosztolya, Ferenc"]
[Result "1/2-1/2"]
[WhiteElo "1919"]
[BlackElo "1955"]
[PlyCount "40"]
[EventDate "2015.09.13"]
[EventType "team-tourn"]
[EventRounds "11"]
[EventCountry "HUN"]
[SourceTitle "CBM 170 Extra"]
[Source "ChessBase"]
[SourceDate "2016.02.25"]
[SourceVersion "1"]
[SourceVersionDate "2016.02.25"]
[SourceQuality "1"]
[WhiteTeam "Szentes Integral"]
[BlackTeam "Bekes"]
[WhiteTeamCountry "HUN"]
[BlackTeamCountry "HUN"]

1. d4 Nf6 2. Nf3 e6 3. Bf4 c5 4. c3 Nc6 5. e3 b6 6. Nbd2 Be7 7. Bd3 Nh5 8. Bg3 Nxg3 9. hxg3 h6 10. Qe2 Qc7 11. e4 cxd4 12. Nxd4 Nxd4 13. cxd4 Bb4 14. 0-0 Bxd2 15. Qxd2 Qd6 16. Qe3 Bb7 17. Rac1 0-0 18. a3 Rac8 19. Rfe1 Rxc1 20. Rxc1 Rc8 1/2-1/2

[Event "HUN-chT2 Toth 1415"]
[Site "Hungary"]
[Date "2014.11.30"]
[Round "5.7"]
[White "Gosztolya, Ferenc"]
[Black "Molnar, Laszlo"]
[Result "1/2-1/2"]
[WhiteElo "2025"]
[BlackElo "2188"]
[PlyCount "91"]
[EventDate "2014.09.07"]
[EventType "team-tourn"]
[EventRounds "11"]
[EventCountry "HUN"]
[SourceTitle "EXT 2016"]
[Source "ChessBase"]
[SourceDate "2015.10.08"]
[SourceVersion "1"]
[SourceVersionDate "2015.10.08"]
[SourceQuality "1"]
[WhiteTeam "Bekes"]
[BlackTeam "Ujszasz"]
[WhiteTeamCountry "HUN"]
[BlackTeamCountry "HUN"]

1. c4 g6 2. Nc3 Bg7 3. g3 Nf6 4. Bg2 0-0 5. e3 e5 6. Nge2 c6 7. d4 d6 8. 0-0 Qe7 9. Rb1 Bf5 10. e4 Be6 11. d5 cxd5 12. cxd5 Bd7 13. h3 Rc8 14. Be3 Be8 15. Qd2 b5 16. a3 Qb7 17. f4 Nbd7 18. f5 a5 19. g4 b4 20. Na2 Nc5 21. Bxc5 Rxc5 22. g5 Nd7 23. f6 Bf8 24. axb4 axb4 25. Nxb4 Rac8 26. Rfc1 Rxc1+ 27. Nxc1 Nc5 28. Nbd3 Bb5 29. b4 Na4 30. Na2 Rc4 31. Nb2 Rd4 32. Qf2 Nxb2 33. Qxb2 Bd3 34. Rd1 Bc4 35. Rxd4 exd4 36. Nc1 d3 37. Qd4 Qxb4 38. Nxd3 Qb1+ 39. Bf1 Bxd3 40. Qxd3 Qb2 41. Qe3 h6 42. h4 hxg5 43. hxg5 Qe5 44. Kg2 Kh8 45. Kh3 Kg8 46. Kg4 1/2-1/2

[Event "HUN-chT2 Toth 1314"]
[Site "Hungary"]
[Date "2014.04.13"]
[Round "10.4"]
[White "Gosztolya, Ferenc"]
[Black "Kovacs, Robert"]
[Result "0-1"]
[WhiteElo "2085"]
[BlackElo "2073"]
[PlyCount "66"]
[EventDate "2013.09.08"]
[EventType "team-tourn"]
[EventRounds "11"]
[EventCountry "HUN"]
[SourceTitle "EXT 2016"]
[Source "ChessBase"]
[SourceDate "2015.10.08"]
[SourceVersion "1"]
[SourceVersionDate "2015.10.08"]
[SourceQuality "1"]
[WhiteTeam "Bekes"]
[BlackTeam "Karcag"]
[WhiteTeamCountry "HUN"]
[BlackTeamCountry "HUN"]

1. c4 e5 2. Nc3 Nc6 3. g3 f5 4. Bg2 Nf6 5. d3 Bc5 6. e3 d5 7. Nxd5 Nxd5 8. cxd5 Nb4 9. Qb3 c6 10. dxc6 bxc6 11. d4 exd4 12. Bd2 Qe7 13. 0-0-0 Be6 14. Qa4 Nd3+ 15. Kb1 Rb8 16. b3 Nxf2 17. Re1 d3 18. e4 f4 19. Bxf4 Rb4 20. Qxc6+ Kf7 21. Nf3 Rc8 22. Qa6 Rb6 23. Qa5 Nxh1 24. Rxh1 Bxb3 25. Ka1 Be6 26. Rc1 Bb4 27. Qh5+ Kg8 28. Rxc8+ Bxc8 29. Qd5+ Be6 30. Qxd3 Qd7 31. Nd4 Bc5 32. Be5 Rb4 33. Qc3 Bxd4 0-1

[Event "HUN-chT2 Toth 1314"]
[Site "Hungary"]
[Date "2014.02.16"]
[Round "7.4"]
[White "Gosztolya, Ferenc"]
[Black "Bozsik, Balazs"]
[Result "1/2-1/2"]
[WhiteElo "2085"]
[BlackElo "2091"]
[PlyCount "86"]
[EventDate "2013.09.08"]
[EventType "team-tourn"]
[EventRounds "11"]
[EventCountry "HUN"]
[SourceTitle "EXT 2016"]
[Source "ChessBase"]
[SourceDate "2015.10.08"]
[SourceVersion "1"]
[SourceVersionDate "2015.10.08"]
[SourceQuality "1"]
[WhiteTeam "Bekes"]
[BlackTeam "Abony"]
[WhiteTeamCountry "HUN"]
[BlackTeamCountry "HUN"]

1. c4 Nf6 2. Nc3 c5 3. g3 g6 4. Bg2 Bg7 5. Nf3 Nc6 6. 0-0 0-0 7. d4 cxd4 8. Nxd4 a6 9. e3 Qc7 10. b3 d6 11. Bb2 Bd7 12. Rc1 Nxd4 13. Qxd4 Bc6 14. e4 Qa5 15. Qe3 Ng4 16. Qe2 h5 17. h3 Ne5 18. a3 Rac8 19. Rfd1 Qb6 20. b4 f5 21. b5 Bxe4 22. Bxe4 fxe4 23. Nd5 Qd8 24. Bxe5 Bxe5 25. Qxe4 Kg7 26. a4 axb5 27. cxb5 e6 28. Nb4 Rxc1 29. Rxc1 Qb6 30. Nd3 Bxg3 31. Kg2 d5 32. Qe1 Bb8 33. Nc5 Re8 34. Nd7 Qd6 35. Nxb8 Rxb8 36. Qc3+ e5 37. f4 d4 38. fxe5 Qxe5 39. Qc7+ Qxc7 40. Rxc7+ Kf6 41. Kf3 Ke5 42. Rc5+ Ke6 43. Ke4 Rd8 1/2-1/2

[Event "HUN-chT2 Toth 1314"]
[Site "Hungary"]
[Date "2014.02.02"]
[Round "6.3"]
[White "Gosztolya, Ferenc"]
[Black "Kakuk, Sandor"]
[Result "1/2-1/2"]
[WhiteElo "2085"]
[BlackElo "2195"]
[PlyCount "46"]
[EventDate "2013.09.08"]
[EventType "team-tourn"]
[EventRounds "11"]
[EventCountry "HUN"]
[SourceTitle "EXT 2016"]
[Source "ChessBase"]
[SourceDate "2015.10.08"]
[SourceVersion "1"]
[SourceVersionDate "2015.10.08"]
[SourceQuality "1"]
[WhiteTeam "Bekes"]
[BlackTeam "Oroshaza"]
[WhiteTeamCountry "HUN"]
[BlackTeamCountry "HUN"]

1. c4 c5 2. Nc3 Nf6 3. g3 g6 4. Bg2 Bg7 5. Nf3 0-0 6. 0-0 Nc6 7. d4 cxd4 8. Nxd4 Nxd4 9. Qxd4 d6 10. Qd3 Rb8 11. Be3 b6 12. Bd4 Bb7 13. e4 Qc8 14. Rac1 Qe6 15. f4 Nd7 16. Bxg7 Kxg7 17. Nd5 Bxd5 18. cxd5 Qf6 19. Rc7 Nc5 20. Qe2 a5 21. h4 e6 22. dxe6 Qxe6 23. Rd1 Rbc8 1/2-1/2

[Event "HUN-chT2 Toth 1314"]
[Site "Hungary"]
[Date "2013.09.08"]
[Round "1.4"]
[White "Gosztolya, Ferenc"]
[Black "Fodor, Tamas"]
[Result "1-0"]
[WhiteElo "2085"]
[BlackElo "2202"]
[PlyCount "143"]
[EventDate "2013.09.08"]
[EventType "team-tourn"]
[EventRounds "11"]
[EventCountry "HUN"]
[SourceTitle "EXT 2016"]
[Source "ChessBase"]
[SourceDate "2015.10.08"]
[SourceVersion "1"]
[SourceVersionDate "2015.10.08"]
[SourceQuality "1"]
[WhiteTeam "Bekes"]
[BlackTeam "Toth Laszlo II"]
[WhiteTeamCountry "HUN"]
[BlackTeamCountry "HUN"]

1. c4 e6 2. b3 f5 3. g3 Nf6 4. Bg2 Be7 5. Nf3 0-0 6. 0-0 d6 7. d4 Qe8 8. Nc3 Bd8 9. Qc2 Nc6 10. Bb2 Qh5 11. d5 Nb4 12. Qd2 e5 13. a3 Na6 14. b4 f4 15. gxf4 Bh3 16. Bxh3 Qxh3 17. Ng5 Qh6 18. f3 Nh5 19. Ne6 Nxf4 20. Nxf4 Rxf4 21. Ne4 Bh4 22. e3 Rf5 23. Rac1 Raf8 24. Qe2 Qh5 25. Nd2 Nb8 26. c5 Nd7 27. cxd6 cxd6 28. Kh1 Nf6 29. e4 Rf4 30. Rg1 Bg5 31. Rc7 Ne8 32. Rxb7 Rh4 33. Nf1 Bd8 34. Ng3 Qxf3+ 35. Qxf3 Rxf3 36. Rb8 Bb6 37. Rf1 Rxf1+ 38. Nxf1 Kf7 39. Ng3 Rf4 40. a4 Nf6 41. Rb7+ Kg6 42. a5 Be3 43. Bc3 h5 44. b5 h4 45. Nf5 Nxe4 46. Nxe3 Nxc3 47. b6 axb6 48. Rxb6 h3 49. Rxd6+ Kg5 50. Re6 Re4 51. Nf1 Nxd5 52. Kg1 Rg4+ 53. Ng3 Nf6 54. Rxe5+ Kf4 55. Rb5 Ke3 56. Rb3+ Kd2 57. Ra3 Rc4 58. a6 Rc8 59. Nf1+ Kc2 60. Ne3+ Kb2 61. Ra5 Kb3 62. a7 Ra8 63. Rb5+ Ka4 64. Rb7 Ka5 65. Rxg7 Ne4 66. Nd5 Rd8 67. Rd7 Rg8+ 68. Kf1 Ka6 69. a8Q+ Rxa8 70. Nc7+ Kb7 71. Nxa8+ Kxa8 72. Rh7 1-0

[Event "HUN-chT2 Toth 1213"]
[Site "Hungary"]
[Date "2012.09.16"]
[Round "1.4"]
[White "Gosztolya, Ferenc"]
[Black "Juhasz, Bela"]
[Result "1/2-1/2"]
[WhiteElo "2108"]
[BlackElo "2178"]
[PlyCount "38"]
[EventDate "2012.09.16"]
[EventType "team-tourn"]
[EventRounds "11"]
[EventCountry "HUN"]
[SourceTitle "EXT 2014"]
[Source "ChessBase"]
[SourceDate "2013.11.20"]
[SourceVersion "1"]
[SourceVersionDate "2013.11.20"]
[SourceQuality "1"]
[WhiteTeam "Bekes"]
[BlackTeam "Ujszasz"]
[WhiteTeamCountry "HUN"]
[BlackTeamCountry "HUN"]

1. c4 Nf6 2. Nc3 d5 3. cxd5 Nxd5 4. g3 g6 5. Bg2 Nb6 6. d3 Bg7 7. Be3 N8d7 8. Qd2 Nf6 9. Bh6 0-0 10. Bxg7 Kxg7 11. Rc1 c6 12. h4 h5 13. Nf3 Qd6 14. Ng5 Nbd5 15. 0-0 Bg4 16. Rfe1 e5 17. a3 Rad8 18. Qc2 Qe7 19. Na4 Bc8 1/2-1/2

[Event "HUN-chT2 Toth 1112"]
[Site "Hungary"]
[Date "2012.05.20"]
[Round "11.4"]
[White "Szekeres, Sebestyen"]
[Black "Gosztolya, Ferenc"]
[Result "1/2-1/2"]
[WhiteElo "2102"]
[BlackElo "2048"]
[PlyCount "103"]
[EventDate "2011.09.25"]
[EventType "team-tourn"]
[EventRounds "11"]
[EventCountry "HUN"]
[SourceTitle "EXT 2013"]
[Source "ChessBase"]
[SourceDate "2012.11.22"]
[SourceVersion "1"]
[SourceVersionDate "2012.11.22"]
[SourceQuality "1"]
[WhiteTeam "KHTK"]
[BlackTeam "Bekes"]
[WhiteTeamCountry "HUN"]
[BlackTeamCountry "HUN"]

1. e4 c5 2. Nf3 d6 3. c3 Nf6 4. Qc2 Qc7 5. Bc4 e6 6. 0-0 Be7 7. Re1 Nc6 8. d3 0-0 9. Bf4 e5 10. Bg3 Na5 11. Bd5 Nxd5 12. exd5 h6 13. a3 Bf5 14. c4 b6 15. Nbd2 Bh7 16. h3 a6 17. b4 Nb7 18. Rab1 f5 19. Qb3 Rfb8 20. Nxe5 dxe5 21. Bxe5 Bd6 22. f4 cxb4 23. axb4 a5 24. Nf3 axb4 25. Bxd6 Qxd6 26. Qxb4 Qxf4 27. Qxb6 Nd8 28. Qd4 Qxd4+ 29. Nxd4 f4 30. Rxb8 Rxb8 31. Rd1 Rc8 32. Kf2 Kf7 33. Nb5 Nb7 34. Ke2 Ke7 35. Kd2 Ra8 36. Nc3 Nc5 37. d4 Nb3+ 38. Ke2 Ra1 39. Rxa1 Nxa1 40. c5 Nc2 41. d6+ Kd7 42. d5 Nd4+ 43. Kf2 g5 44. Na4 Be4 45. Nb6+ Kd8 46. c6 Nxc6 47. dxc6 Bxc6 48. g3 fxg3+ 49. Kxg3 h5 50. h4 g4 51. Kf4 Ke8 52. Nc4 1/2-1/2

[Event "HUN-chT2 Toth 1112"]
[Site "Hungary"]
[Date "2012.05.06"]
[Round "10.5"]
[White "Tornyai, Jeno"]
[Black "Gosztolya, Ferenc"]
[Result "0-1"]
[WhiteElo "1973"]
[BlackElo "2048"]
[PlyCount "84"]
[EventDate "2011.09.25"]
[EventType "team-tourn"]
[EventRounds "11"]
[EventCountry "HUN"]
[SourceTitle "EXT 2013"]
[Source "ChessBase"]
[SourceDate "2012.11.22"]
[SourceVersion "1"]
[SourceVersionDate "2012.11.22"]
[SourceQuality "1"]
[WhiteTeam "Maroczy II"]
[BlackTeam "Bekes"]
[WhiteTeamCountry "HUN"]
[BlackTeamCountry "HUN"]

1. d4 Nf6 2. Nc3 g6 3. e4 d6 4. Be3 Bg7 5. f3 Nbd7 6. Qd2 h6 7. Nh3 a6 8. Nf4 c6 9. Bc4 Qc7 10. Bb3 b5 11. 0-0 Rb8 12. a3 Nb6 13. e5 dxe5 14. dxe5 Qxe5 15. Rfe1 Qf5 16. Rad1 Qd7 17. Qf2 Qb7 18. Bc5 Bf8 19. Qd4 Nbd7 20. Ne4 Nxe4 21. Rxe4 Rh7 22. Bxe7 Bxe7 23. Qd6 f6 24. Nxg6 Qb6+ 25. Kh1 Qc5 26. Qe6 Nf8 27. Qxf6 Be6 28. Nxe7 Qxe7 29. Qf4 Rd8 30. Rde1 Rd6 31. Bxe6 Rxe6 32. Qg4 Kd7 33. h3 Rg7 34. Rd1+ Kc7 35. Qf4+ Kb7 36. Red4 Re2 37. g4 Ne6 38. Rd7+ Qxd7 39. Rxd7+ Rxd7 40. Qc1 Ng5 41. Kg1 Nxf3+ 42. Kf1 Rh2 0-1

[Event "HUN-chT2 Toth 1112"]
[Site "Hungary"]
[Date "2012.02.19"]
[Round "6.6"]
[White "Gosztolya, Ferenc"]
[Black "Gardo, Jozsef"]
[Result "1-0"]
[WhiteElo "2048"]
[BlackElo "1891"]
[PlyCount "121"]
[EventDate "2011.09.25"]
[EventType "team-tourn"]
[EventRounds "11"]
[EventCountry "HUN"]
[SourceTitle "EXT 2013"]
[Source "ChessBase"]
[SourceDate "2012.11.22"]
[SourceVersion "1"]
[SourceVersionDate "2012.11.22"]
[SourceQuality "1"]
[WhiteTeam "Bekes"]
[BlackTeam "Abony"]
[WhiteTeamCountry "HUN"]
[BlackTeamCountry "HUN"]

1. c4 Nf6 2. Nc3 g6 3. g3 Bg7 4. Bg2 0-0 5. Nf3 c6 6. e4 d6 7. 0-0 Nbd7 8. d3 a5 9. h3 h6 10. Be3 b6 11. Rb1 Qc7 12. Nh2 e5 13. f4 exf4 14. gxf4 Re8 15. Qd2 Nf8 16. Rbc1 a4 17. Qf2 Ra6 18. f5 g5 19. Bf3 Bb7 20. Qg3 N6h7 21. h4 Be5 22. Qg2 Qe7 23. Bd1 a3 24. b3 Nd7 25. Ng4 Bg7 26. hxg5 hxg5 27. Rf3 Ne5 28. Nxe5 Bxe5 29. Rh3 Qf6 30. Ne2 Qg7 31. Rc2 Bc8 32. Rh5 Bf6 33. Qf2 d5 34. Ng3 dxc4 35. Rxc4 c5 36. Rh3 Bd7 37. Nh5 Qh8 38. Nxf6+ Qxf6 39. Qh2 Qg7 40. Rc2 Bb5 41. Be2 Ra7 42. Bd2 Rd7 43. Bc3 f6 44. Rh6 Qf8 45. Rg6+ Rg7 46. Qh5 Qf7 47. Qh6 Rf8 48. Bf1 Be8 49. Rxg7+ Qxg7 50. Qxg7+ Kxg7 51. b4 Ba4 52. Rc1 Re8 53. bxc5 bxc5 54. Ba1 Rb8 55. Rxc5 Rb1 56. Bc3 Bd1 57. Kf2 Ba4 58. Ra5 Rb2+ 59. Bxb2 axb2 60. Ra7+ Kh6 61. Rb7 1-0

[Event "HUN-chT2 Toth 1112"]
[Site "Hungary"]
[Date "2012.01.29"]
[Round "5.6"]
[White "Diamant, Tibor"]
[Black "Gosztolya, Ferenc"]
[Result "1-0"]
[WhiteElo "2104"]
[BlackElo "2048"]
[PlyCount "53"]
[EventDate "2011.09.25"]
[EventType "team-tourn"]
[EventRounds "11"]
[EventCountry "HUN"]
[SourceTitle "EXT 2013"]
[Source "ChessBase"]
[SourceDate "2012.11.22"]
[SourceVersion "1"]
[SourceVersionDate "2012.11.22"]
[SourceQuality "1"]
[WhiteTeam "Mako"]
[BlackTeam "Bekes"]
[WhiteTeamCountry "HUN"]
[BlackTeamCountry "HUN"]

1. e4 c5 2. Nf3 d6 3. d4 cxd4 4. Nxd4 Nf6 5. Nc3 g6 6. f3 Bg7 7. Be3 0-0 8. Bc4 Nc6 9. Qd2 Bd7 10. 0-0-0 Rc8 11. Bb3 Ne5 12. h4 h5 13. Bg5 Rc5 14. Kb1 b5 15. g4 hxg4 16. h5 gxh5 17. Nd5 e6 18. Nxf6+ Bxf6 19. Rxh5 Nc4 20. Bxc4 Bxg5 21. Qh2 bxc4 22. Rh1 Kg7 23. f4 Rg8 24. Rxg5+ Kf6 25. Rxc5 dxc5 26. Qh4+ Kg6 27. Qh6# 1-0

[Event "HUN-chT2 Toth 1112"]
[Site "Hungary"]
[Date "2011.11.13"]
[Round "3.6"]
[White "Cretu, Sorin Alexandru"]
[Black "Gosztolya, Ferenc"]
[Result "1-0"]
[WhiteElo "1959"]
[BlackElo "2048"]
[PlyCount "81"]
[EventDate "2011.09.25"]
[EventType "team-tourn"]
[EventRounds "11"]
[EventCountry "HUN"]
[SourceTitle "EXT 2013"]
[Source "ChessBase"]
[SourceDate "2012.11.22"]
[SourceVersion "1"]
[SourceVersionDate "2012.11.22"]
[SourceQuality "1"]
[WhiteTeam "Gyula"]
[BlackTeam "Bekes"]
[WhiteTeamCountry "HUN"]
[BlackTeamCountry "HUN"]

1. e4 c5 2. Nf3 d6 3. d4 cxd4 4. Nxd4 Nf6 5. Nc3 g6 6. Be2 Bg7 7. 0-0 0-0 8. Be3 Nc6 9. h3 a6 10. Qd2 Qc7 11. Rad1 Nxd4 12. Bxd4 b5 13. a3 Be6 14. f4 Rfd8 15. Bf3 Rab8 16. Qe3 Nd7 17. Bxg7 Kxg7 18. Rf2 Nb6 19. Be2 f6 20. h4 Rb7 21. h5 gxh5 22. Bxh5 Nc4 23. Qg3+ Kh8 24. f5 Bg8 25. Qh4 Nxb2 26. Nd5 Bxd5 27. Rxd5 Rg8 28. Bg6 Rg7 29. g4 Qb6 30. Kf1 Qe3 31. e5 Qc1+ 32. Kg2 Qg5 33. Qxg5 fxg5 34. f6 exf6 35. exf6 Rg8 36. Bf5 Nc4 37. Kg3 Rd8 38. Be6 Ne5 39. Rfd2 Rf8 40. Rxd6 Rxf6 41. Rd8+ 1-0